Sikolohiyang Pilipino: teorya, metodo at gamit= Filipino psychology: theory, method and application / (Record no. 1438)

MARC details
000 -LEADER
fixed length control field 00671nam a2200205 4500
003 - CONTROL NUMBER IDENTIFIER
control field OSt
005 - DATE AND TIME OF LATEST TRANSACTION
control field 20240627011016.0
008 - FIXED-LENGTH DATA ELEMENTS--GENERAL INFORMATION
fixed length control field 240627b |||||||| |||| 00| 0 eng d
020 ## - INTERNATIONAL STANDARD BOOK NUMBER
International Standard Book Number 9715420672
040 ## - CATALOGING SOURCE
Original cataloging agency DWCL-Main lib.
Transcribing agency OC
082 ## - DEWEY DECIMAL CLASSIFICATION NUMBER
Classification number Fil. 150 S579 1982
006 - FIXED-LENGTH DATA ELEMENTS--ADDITIONAL MATERIAL CHARACTERISTICS
fixed length control field a
245 ## - TITLE STATEMENT
Title Sikolohiyang Pilipino: teorya, metodo at gamit= Filipino psychology: theory, method and application /
260 ## - PUBLICATION, DISTRIBUTION, ETC.
Place of publication, distribution, etc. Quezon City:
Name of publisher, distributor, etc. University of the Philippines Press,
Date of publication, distribution, etc. c1982.
300 ## - PHYSICAL DESCRIPTION
Extent xv,
Other physical details 352 p. : ill. ;
Dimensions 26 cm.
504 ## - BIBLIOGRAPHY, ETC. NOTE
Bibliography, etc. note Includes bibliographical references and index.<br/>
650 ## - SUBJECT ADDED ENTRY--TOPICAL TERM
Topical term or geographic name entry element 1. Psychology.
700 ## - ADDED ENTRY--PERSONAL NAME
Personal name Rogelia Pe Pua
942 ## - ADDED ENTRY ELEMENTS (KOHA)
Source of classification or shelving scheme Dewey Decimal Classification
Suppress in OPAC No
Koha item type Book-Filipiniana
Call number prefix Fil.
Holdings
Withdrawn status Lost status Source of classification or shelving scheme Damaged status Not for loan Home library Current library Shelving location Date acquired Source of acquisition Total Checkouts Full call number Barcode Date last seen Copy number Price effective from Koha item type Uniform Resource Identifier Cost, normal purchase price
    Dewey Decimal Classification     College Library College Library Filipiniana 04/13/2011 School Fund   Fil. 150 S579 1982 CL48342 06/27/2024 c1 06/27/2024 Book-Filipiniana  
    Dewey Decimal Classification     College Library College Library Filipiniana 11/16/2011 School Fund   Fil. 150 S579 1982 CL49039 06/27/2024 c2 06/27/2024 Book-Filipiniana 580.00
    Dewey Decimal Classification     College Library College Library Filipiniana 11/16/2011 School Fund   Fil. 150 S579 1982 CL49040 06/27/2024 c3 06/27/2024 Book-Filipiniana 580.00